Landlocked Countries by Borders - Statistics

General Stats
  • This quiz has been taken 21 times
    13 since last reset
  • The average score is 12 of 15
Answer Stats
Borders Landlocked Country % Correct
Namibia, South Africa, Zambia, Zimbabwe Botswana
88%
Benin, Ghana, Ivory Coast, Mali, Niger, Togo Burkina Faso
88%
Cambodia, China, Myanmar, Thailand, Vietnam Laos
88%
South Africa Lesotho
88%
Belgium, France, Germany Luxembourg
88%
China, Russia Mongolia
88%
Argentina, Bolivia, Brazil Uruguay Paraguay
88%
Austria, Czech Republic, Poland, Ukraine Slovakia
88%
Italy Vatican City / San Marino
88%
China, Iran, Pakistan, Tajikistan, Turkmenistan, Uzbekistan Afghanistan
75%
Argentina, Brazil, Chile, Paraguay, Peru Bolivia
75%
Cameroon, Central African Republic, Libya, Niger, Nigeria, Sudan Chad
75%
China, Kazakhstan, Tajikistan, Uzbekistan Kyrgyzstan
75%
South Africa, Mozambique Eswatini
63%
Angola, Botswana, DRC, Malawi, Mozambique, Namibia, Tanzania, Zimbabwe Zambia
63%
No matching quizzes found
Score Distribution
Percent of People with Each Score
Percentile by Number Answered
Your Score History
You have not taken this quiz since the last reset